<?xml version="1.0" encoding="UTF-8"?>
<collection xmlns="http://www.loc.gov/MARC21/slim">
<record>
  <controlfield tag="001">251797</controlfield>
  <controlfield tag="005">20250118173132.0</controlfield>
  <datafield tag="035" ind1=" " ind2=" ">
    <subfield code="a">G:(GEPRIS)228304694</subfield>
  </datafield>
  <datafield tag="024" ind1="7" ind2=" ">
    <subfield code="a">G:(GEPRIS)228304694</subfield>
    <subfield code="d">228304694</subfield>
  </datafield>
  <datafield tag="040" ind1=" " ind2=" ">
    <subfield code="a">GEPRIS</subfield>
    <subfield code="c">http://gepris.its.kfa-juelich.de</subfield>
  </datafield>
  <datafield tag="150" ind1=" " ind2=" ">
    <subfield code="a">Bio-inspirierte Kontrolle von Biofilmen auf weichem und hartem oralen Gewebe (B03)</subfield>
    <subfield code="y">2013 - 2024</subfield>
  </datafield>
  <datafield tag="371" ind1=" " ind2=" ">
    <subfield code="a">Professor Dr. Matthias Hannig</subfield>
  </datafield>
  <datafield tag="450" ind1=" " ind2=" ">
    <subfield code="a">SFB 1027 B03</subfield>
    <subfield code="w">d</subfield>
    <subfield code="y">2013 - 2024</subfield>
  </datafield>
  <datafield tag="510" ind1="1" ind2=" ">
    <subfield code="a">Deutsche Forschungsgemeinschaft</subfield>
    <subfield code="0">I:(DE-588b)2007744-0</subfield>
    <subfield code="b">DFG</subfield>
  </datafield>
  <datafield tag="550" ind1=" " ind2=" ">
    <subfield code="0">G:(GEPRIS)200049484</subfield>
    <subfield code="a">SFB 1027: Physikalische Modellierung von Nichtgleichgewichtsprozessen in biologischen Systemen</subfield>
    <subfield code="w">t</subfield>
  </datafield>
  <datafield tag="680" ind1=" " ind2=" ">
    <subfield code="a">In diesem Projekt werden neuartige, bio-inspirierte Strategien für das Biofilm-Management an oralen Oberflächen untersucht. Die Zielsetzung besteht darin, die Prozesse der initialen Bioadhäsion an der natürlichen Zahnoberfläche sowie der oralen Mukosa unter In-situ-Bedingungen auf molekularer Ebene aufzuklären und die physiologische Pellikelschicht durch die Applikation von biomimetischen Apatit-Partikeln und Pflanzenextrakten zu modifizieren, um so die Adhärenz oraler Bakterien und Pilze gezielt zu kontrollieren.</subfield>
  </datafield>
  <datafield tag="909" ind1="C" ind2="O">
    <subfield code="o">oai:juser.fz-juelich.de:918399</subfield>
    <subfield code="p">authority:GRANT</subfield>
    <subfield code="p">authority</subfield>
  </datafield>
  <datafield tag="980" ind1=" " ind2=" ">
    <subfield code="a">G</subfield>
  </datafield>
  <datafield tag="980" ind1=" " ind2=" ">
    <subfield code="a">AUTHORITY</subfield>
  </datafield>
  <datafield tag="909" ind1="C" ind2="O">
    <subfield code="o">oai:juser.fz-juelich.de:918399</subfield>
  </datafield>
</record>
</collection>